A Quiz About Bruno Mars - Statistics

General Stats
  • This quiz has been taken 15 times
  • The average score is 15 of 22
Answer Stats
Hint Answer % Correct
Studio albums 2016 24K Magic
100%
#3 Pop song with Blackpink singer Rosé APT.
90%
#1 2024 song with Lady Gaga Die with a Smile
90%
#1 'Cause you're amazing... Just the Way You Are
90%
#4 He just didn’t want to do anything. Nothing at all. The Lazy Song
90%
#1 Mark Ronson's 2014 hit song, featuring Mars Uptown Funk
90%
#3 Bruno and Cardi B were "out here drippin' in..." Finesse
80%
#1 "Explosive" second #1 single Grenade
80%
#1 Do you have expensive tastes? Lucky for you! That's What I Like
80%
#1 Ballad about getting dumped for being too selfish When I Was Your Man
80%
#1 A woman takes Bruno to paradise Locked Out of Heaven
70%
Trivia 2021 duo with Anderson .Paak Silk Sonic
70%
Studio albums 2026 The Romantic
70%
Trivia Rock singer he impersonated on stage as a child Elvis Presley
60%
#1 Bruno hopes this girl "dance as good as she look" I just might
60%
Trivia His true name or surname (name either) Peter Gene Hernandez
60%
Studio albums 2012 Unorthodox Jukebox
60%
Trivia State he was born in Hawaii
50%
Studio albums 2010 Doo-Wops & Hooligans
40%
#1 You can enter the house at any time 'cause I'ma... Leave The Door Open
40%
Trivia City he was born in Honolulu
30%
Trivia Band he's part of The Hooligans
20%
No matching quizzes found
Score Distribution
Percent of People with Each Score
Percentile by Number Answered
Your Score History
You have not taken this quiz